Normal view MARC view
  • Roohi Hussain

Entry Personal Name

Number of records used in: 1

001 - CONTROL NUMBER

  • control field: 70702

003 - CONTROL NUMBER IDENTIFIER

  • control field: NUST

005 - DATE AND TIME OF LATEST TRANSACTION

  • control field: 20210628204533.0

008 - FIXED-LENGTH DATA ELEMENTS

  • fixed length control field: 210628|| aca||aabn | a|a d

040 ## - CATALOGING SOURCE

  • Original cataloging agency: NUST
  • Transcribing agency: NUST

100 ## - HEADING--PERSONAL NAME

  • Personal name: Roohi Hussain

670 ## - SOURCE DATA FOUND

  • Source citation: Work cat.: (NUST): Roohi Hussain, TH-SOF-1057-ENSEMBLE MODEL FOR CLASSIFICATION OF EMAILS BY MAJORITY VOTING, 2014
© 2023 Central Library, National University of Sciences and Technology. All Rights Reserved.